El evangelio del Papa Juan (Record no. 85711)
[ view plain ]
| 000 -LEADER | |
|---|---|
| campo de control de longitud fija | 00653nam a2200193 i 4500 |
| 001 - NÚMERO DE CONTROL | |
| campo de control | 85711 |
| 003 - IDENTIFICADOR DE NÚMERO DE CONTROL | |
| campo de control | ES-MaACL |
| 005 - FECHA Y HORA DE LA ÚLTIMA TRANSACCIÓN | |
| campo de control | 20230906175306.0 |
| 007 - CAMPO FIJO DE DESCRIPCIÓN FÍSICA--INFORMACIÓN GENERAL | |
| campo de control de longitud fija | t| |
| 008 - DATOS DE LONGITUD FIJA--INFORMACIÓN GENERAL | |
| campo de control de longitud fija | 041130s1971 sp ||||1| spa d |
| 100 0# - ENTRADA PRINCIPAL--NOMBRE DE PERSONA | |
| Nombre de persona | Juan |
| Numeración | XIII |
| Títulos y otros términos asociados al nombre | Papa, Santo. |
| 9 (RLIN) | 67136 |
| 245 13 - MENCIÓN DEL TÍTULO | |
| Título | El evangelio del Papa Juan |
| Resto del título | : un profeta nos habla / |
| Mención de responsabilidad, etc. | textos seleccionados por J. Bermejo y R.M. Guzmán ; [versión de Luis Mª Múgica]. |
| 260 ## - PUBLICACIÓN, DISTRIBUCIÓN, ETC. | |
| Lugar de publicación, distribución, etc. | [Bilbao] : |
| Nombre del editor, distribuidor, etc. | Desclée de Brouwer, |
| Fecha de publicación, distribución, etc. | [1971] |
| 300 ## - DESCRIPCIÓN FÍSICA | |
| Extensión | 223 p. ; |
| Dimensiones | 19 cm. |
| 700 1# - ENTRADA AGREGADA--NOMBRE PERSONAL | |
| Nombre de persona | Bermejo, J. |
| 9 (RLIN) | 28086 |
| 700 1# - ENTRADA AGREGADA--NOMBRE PERSONAL | |
| Nombre de persona | Guzmán, R. M. |
| 9 (RLIN) | 61301 |
| 700 1# - ENTRADA AGREGADA--NOMBRE PERSONAL | |
| Nombre de persona | Múgica, Luis María. |
| 9 (RLIN) | 84060 |
| 852 ## - LOCALIZACIÓN | |
| Ubicación | ES-MaACL |
| Número de control de estantería | C-49597 |
| Sublocalización o colección | R.77313 |
| Estatus retirado | Estado de pérdida | Estado de daño | No para préstamo | Biblioteca de origen | Biblioteca actual | Ubicación en estantería | Fecha de adquisición | Fuente de adquisición | Total de préstamos | Signatura topográfica completa | Código de barras | Visto por última vez | Precio de reemplazo | Tipo de ítem Koha |
|---|---|---|---|---|---|---|---|---|---|---|---|---|---|---|
| Biblioteca del Ateneo de Madrid | Biblioteca del Ateneo de Madrid | Depósito 2 | 17/01/2008 | C-49597 | 1089560 | 23/02/2023 | 23/02/2023 | Libro impreso |
